000 00965cam a2200277 a 4500
001 2438
005 20250624135443.0
020 _a9780545317597
040 _aBTCTA
_beng
_cBTCTA
_dNOG
_dNYP
_dDLC
050 0 0 _aPZ7.S8147
082 0 0 _a317
100 1 _aSteele, Michael Anthony
245 1 0 _aFight this fire!
_cby Michael Anthony Steele ; illustrated by Chuck Primeau
260 _aNew York
_bScholastic
_c2011
300 _a24 pages :
_bColor illustrations ;
_c21 cm
500 _aAt head of title: LEGO city.
505 _aJ
520 _aWhen a rookie starts with the Lego City Fire Department, the chief has a hard time finding something the new fire fighter does well.
521 _a500
_bLexile
521 _aR
_bRaz-Plus
650 0 _aFire fighters
_vJuvenile fiction.
650 0 _aLEGO toys
_vJuvenile fiction.
700 1 _aPrimeau, Chuck
_eillustrator
906 _a7
_bcbc
_ccopycat
_d2
_encip
_f20
_gy-gencatlg
942 _2ddc
_cBK
_n0
999 _c2438
_d2438